Thuật xử thế của người xưa. Cái dũng của thánh nhân. Thuật yêu đương

Giới thiệu những mẩu chuyện nhỏ về vấn đề đối nhân xử thế của người xưa, các khái niệm về lòng tự ái, tự tôn, lễ nghĩa Á Đông, ân oán, cương nhu trong xử thế; cái dũng của các bậc thánh nhân; những khái niệm cơ bản về thuật ye...

全面介绍

Đã lưu trong:
书目详细资料
主要作者: Nguyễn, Duy Cần
格式: 图书
语言:Undetermined
出版: Thành phố Hồ Chí Minh Trẻ 2014
主题:
标签: 添加标签
没有标签, 成为第一个标记此记录!
Thư viện lưu trữ: Trung tâm Học liệu Trường Đại học Cần Thơ
LEADER 01057nam a2200205Ia 4500
001 CTU_188408
008 210402s9999 xx 000 0 und d
020 |c 240000 
082 |a 158 
082 |b C121 
100 |a Nguyễn, Duy Cần 
245 0 |a Thuật xử thế của người xưa. Cái dũng của thánh nhân. Thuật yêu đương 
245 0 |c Thu Giang Nguyễn Duy Cần 
260 |a Thành phố Hồ Chí Minh 
260 |b Trẻ 
260 |c 2014 
520 |a Giới thiệu những mẩu chuyện nhỏ về vấn đề đối nhân xử thế của người xưa, các khái niệm về lòng tự ái, tự tôn, lễ nghĩa Á Đông, ân oán, cương nhu trong xử thế; cái dũng của các bậc thánh nhân; những khái niệm cơ bản về thuật yêu đương 
650 |a Tâm lý học ứng dụng,Psychology, applied 
910 |a Hải 
980 |a Trung tâm Học liệu Trường Đại học Cần Thơ